| 000 | 00707nas a2200241 4500 | ||
|---|---|---|---|
| 001 | BR8105651 | ||
| 003 | BR-BrBNA | ||
| 005 | 20231205084845.0 | ||
| 007 | ta | ||
| 008 | 230509b bl.|||p| |||| 00| 00por d | ||
| 040 |
_aBR-BrBNA _bpor _cBiblioteca Nacional de Agricultura |
||
| 041 | _a(Pt) | ||
| 072 | _aE70; F00 | ||
| 110 | 1 |
_aInstituto Brasileiro de Economia, Rio de Janeiro, RJ _95759 |
|
| 245 | 1 | _aCafe, as raizes da crise [politica economica, Brasil] | |
| 650 | _aCAFE | ||
| 650 | _aPOLITICA ECONOMICA | ||
| 650 | _aPRECO | ||
| 650 | _aSAFRA | ||
| 773 | 0 |
_tAgroanalysis (Brazil) _x _g(Jun 1981), v. 5(6) p. 5-10 _wBR8105651 |
|
| 909 |
_a202311 _bLúcia _c55 _dLúcia Elande |
||
| 942 |
_2AGRIS _n0 _cANA |
||
| 999 |
_c107724 _d107724 |
||